000 00549nam a22001937a 4500
003 OSt
005 20150511102243.0
008 130216t xxu||||| |||| 00| 0 eng d
020 _a9710811770
050 _aHF 5691
_b.H325 1980
100 _aHart, William L.
245 _aMathematics of investment /
_cWilliam L. Hart.
250 _a5th ed.
260 _aMandaluyong City, Philippines :
_bCacho Hermanos Inc.,
_c1980.
300 _a152 pages :
_billustrations ;
_c22 cm.
650 _aMathematics.
942 _2lcc
_cBK
_kLOC
999 _c283930
_d283930